| 000 | 01069cab a2200325 4500 | ||
|---|---|---|---|
| 001 | ABS59026 | ||
| 008 | 090401t1998 xxu||||| |||| 00| 0 eng d | ||
| 035 | _a(Sirsi) u87467 | ||
| 041 | _aeng | ||
| 100 | _aTeale, M. | ||
| 245 | _aBig box markets, space bandits and range wars | ||
| 260 | _c1998 | ||
| 350 | _a0 | ||
| 490 |
_aProperty Forecast _v1(4) July 1998, 10-11(2) |
||
| 520 | _aDiscusses the changing retail sector, looking at the age of shop floorspace,its effects on retail sales and thedifficulty of re-modelling. Considersthe influence of the world wide web, comparison goods trading locations and out-of town locations. | ||
| 650 | _aAGE OF FLOORSPACE | ||
| 650 | _aCOMPARISON GOODS TRADING | ||
| 650 | _aDEMAND | ||
| 650 | _aDEVELOPMENT | ||
| 650 | _aHIGH STREET | ||
| 650 | _aOBSOLESCENCE | ||
| 650 | _aOUT OF TOWN | ||
| 650 | _aRETAIL MIX | ||
| 650 | _aRETAIL SECTOR | ||
| 650 | _aRETAIL WAREHOUSES | ||
| 650 | _aWORLD WIDE WEB | ||
| 690 | _aPROPERTY-COMMERCIAL PROPERTY-RETAIL PROPERTY | ||
| 942 | _n0 | ||
| 948 | _c17/07/1998 | ||
| 999 |
_c55165 _d55165 |
||